| 000 | 00354nam a2200121Ia 4500 | ||
|---|---|---|---|
| 008 | 230907s9999||||xx |||||||||||||| ||und|| | ||
| 082 |
_a620.11 _bSMI |
||
| 100 |
_aSmith, William F. _940774 |
||
| 245 | 0 | _aMaterials science and engineering / | |
| 260 |
_aMcGraw-Hill Education (India) pvt. Ltd. _bNew Delhi : _c2017 |
||
| 300 | _axxiv, 947 p. | ||
| 942 | _cBK | ||
| 999 |
_c598152 _d598152 |
||